Fishes of Dacca/ (Record no. 17509)
[ view plain ]
| 000 -LEADER | |
|---|---|
| fixed length control field | 01010cam a22003251 4500 |
| 001 - CONTROL NUMBER | |
| control field | 9863679 |
| 003 - CONTROL NUMBER IDENTIFIER | |
| control field | ASL |
| 005 - DATE AND TIME OF LATEST TRANSACTION | |
| control field | 20231015025544.0 |
| 008 - FIXED-LENGTH DATA ELEMENTS--GENERAL INFORMATION | |
| fixed length control field | 161208s1964 pk a b 00| 0 eng | |
| 010 ## - LIBRARY OF CONGRESS CONTROL NUMBER | |
| LC control number | sa 65001563 |
| 025 ## - OVERSEAS ACQUISITION NUMBER | |
| Overseas acquisition number | PL480:EP-E-256 |
| 035 ## - SYSTEM CONTROL NUMBER | |
| System control number | (OCoLC)7567274 |
| 040 ## - CATALOGING SOURCE | |
| Original cataloging agency | DLC |
| Transcribing agency | MnSU |
| Modifying agency | OCoLC |
| -- | ASL |
| 042 ## - AUTHENTICATION CODE | |
| Authentication code | premarc |
| 043 ## - GEOGRAPHIC AREA CODE | |
| Geographic area code | a-pk--- |
| 050 00 - LIBRARY OF CONGRESS CALL NUMBER | |
| Classification number | QL634.P3 |
| Item number | B48 1964 |
| 082 ## - DEWEY DECIMAL CLASSIFICATION NUMBER | |
| Classification number | 597 |
| Item number | BHF |
| 100 1# - MAIN ENTRY--PERSONAL NAME | |
| Personal name | Bhuiyan, Abdul Latif. |
| 9 (RLIN) | 78 |
| 245 10 - TITLE STATEMENT | |
| Title | Fishes of Dacca/ |
| 250 ## - EDITION STATEMENT | |
| Edition statement | [1st ed.] |
| 260 ## - PUBLICATION, DISTRIBUTION, ETC. | |
| Place of publication, distribution, etc. | Dacca: |
| Name of publisher, distributor, etc. | Asiatic Society of Pakistan, |
| Date of publication, distribution, etc. | 1964. |
| 300 ## - PHYSICAL DESCRIPTION | |
| Extent | 148 p.: |
| Other physical details | illus.; |
| Dimensions | 24 cm. |
| 440 ## - SERIES STATEMENT/ADDED ENTRY--TITLE | |
| Title | Asiatic Society of Pakistan publication. |
| 9 (RLIN) | 215 |
| Volume/sequential designation | no. 16 |
| 502 ## - DISSERTATION NOTE | |
| Dissertation note | Revision of thesis (M. SC.)--University of the Panjab. |
| 504 ## - BIBLIOGRAPHY, ETC. NOTE | |
| Bibliography, etc. note | Bibliography: p. [130]-145. |
| 650 #0 - SUBJECT ADDED ENTRY--TOPICAL TERM | |
| Topical term or geographic name entry element | Freshwater fishes |
| Geographic subdivision | Bangladesh |
| -- | Dhaka. |
| 9 (RLIN) | 79 |
| 810 2# - SERIES ADDED ENTRY--CORPORATE NAME | |
| Corporate name or jurisdiction name as entry element | Asiatic Society of Pakistan. |
| Title of a work | Publications ; |
| Volume/sequential designation | no. 13. |
| 9 (RLIN) | 80 |
| 906 ## - LOCAL DATA ELEMENT F, LDF (RLIN) | |
| a | 7 |
| b | cbc |
| c | oclcrpl |
| d | u |
| e | ncip |
| f | 19 |
| g | y-gencatlg |
| 942 ## - ADDED ENTRY ELEMENTS (KOHA) | |
| Source of classification or shelving scheme | Dewey Decimal Classification |
| Koha item type | Books |
| Withdrawn status | Lost status | Source of classification or shelving scheme | Damaged status | Not for loan | Collection code | Home library | Current library | Shelving location | Date acquired | Source of acquisition | Serial Enumeration / chronology | Total Checkouts | Full call number | Barcode | Date last seen | Copy number | Price effective from | Koha item type | Public note |
|---|---|---|---|---|---|---|---|---|---|---|---|---|---|---|---|---|---|---|---|
| Dewey Decimal Classification | Not For Loan | Non-fiction | Asiatic Society Library | Asiatic Society Library | General Stacks | 12/08/2016 | ASB Publication | ASP-016 | 597 BHF | 100081 | 12/08/2016 | C-1 | 12/08/2016 | Books | RARE | ||||
| Dewey Decimal Classification | Not For Loan | Non-fiction | Asiatic Society Library | Asiatic Society Library | General Stacks | 12/08/2016 | ASB Publication | ASP-016 | 597 ABF | 100082 | 12/08/2016 | C-2 | 12/08/2016 | Books | RARE | ||||
| Dewey Decimal Classification | Not For Loan | Non-fiction | Asiatic Society Library | Asiatic Society Library | General Stacks | 12/08/2016 | ASB Publication | ASP-016 | 597 ABF | 100083 | 12/08/2016 | C-3 | 12/08/2016 | Books | RARE | ||||
| Dewey Decimal Classification | Not For Loan | Non-fiction | Asiatic Society Library | Asiatic Society Library | General Stacks | 12/08/2016 | ASB Publication | ASP-016 | 597 ABF | 100084 | 12/08/2016 | C-4 | 12/08/2016 | Books | RARE | ||||
| Dewey Decimal Classification | Not For Loan | Non-fiction | Asiatic Society Library | Asiatic Society Library | General Stacks | 12/08/2016 | ASB Publication | ASP-016 | 597 ABF | 100085 | 12/08/2016 | C-5 | 12/08/2016 | Books | RARE | ||||
| Dewey Decimal Classification | Damaged | Not For Loan | Non-fiction | Asiatic Society Library | Asiatic Society Library | ASB Publications | 05/18/2021 | ASB Publications | ASP-016 | 597 BHF | 109491 | 05/18/2021 | C-6 | 05/18/2021 | Books | Rare | |||
| Dewey Decimal Classification | Not For Loan | Non-fiction | Asiatic Society Library | Asiatic Society Library | ASB Publications | 05/18/2021 | ASB Publications | ASP-016 | 597 BHF | 109492 | 05/18/2021 | C-7 | 05/18/2021 | Books | Rare | ||||
| Dewey Decimal Classification | Not For Loan | Non-fiction | Asiatic Society Library | Asiatic Society Library | ASB Publications | 05/18/2021 | ASB Publications | ASP-016 | 597 BHF | 109493 | 05/18/2021 | C-8 | 05/18/2021 | Books | Rare |